000 01651cam a22004097a 4500
003 CHAP
005 20220329142033.0
008 990331d1998 mx rs o00110 spa d
010 _a77409
011 _a78381
020 _a9701319648
035 _a88289
040 _cCHAP
082 0 4 _a338.972
_bI59 1997 B.C.S.
110 2 _aInstituto Nacional de Estadística, Geografía e Informática. México
_959304
245 1 0 _aCuaderno estadístico municipal :
_bBaja California Sur
_c/por Instituto Nacional de Estadística, Geografía e Informática
260 _aAguascalientes, Ags. :
_bInstituto Nacional de Estadística, Geografía e Informática,
_c1998.
300 _av. :
_bgráfs.
500 _aLa biblioteca tiene : v.1 La Paz
590 _aBATCH-UPD
_b10
_c20130110
_lUCH01
_h0323
590 _aBATCH-UPD
_b10
_c20130110
_lUCH01
_h1737
590 _aBATCH-UPD
_b10
_c20130409
_lUCH01
_h2356
590 _aBATCH-UPD
_b10
_c20130410
_lUCH01
_h1512
590 _aBATCH-UPD
_b10
_c20130913
_lUCH01
_h2041
590 _aBATCH-UPD
_b10
_c20130914
_lUCH01
_h1011
590 _aCONVERSION
_b10
_c20130109
_lUCH01
_h1343
650 1 4 _aAgricultura
_xEstadísticas
_zBaja California Sur.
_91446
650 1 4 _aBaja California Sur
_xCondiciones económicas.
_99498
650 1 4 _aBaja California Sur
_xCondiciones sociales.
_99500
650 1 4 _aBaja California Sur
_xEstadísticas.
_99503
650 1 4 _aGanadería
_xEstadísticas
_zBaja California Sur.
_944705
650 1 4 _aMéxico
_xMunicipios.
_976781
901 _aBK
905 _aLilia Sánchez G.
942 _cLIBRO
949 _a338.972 I59 1997 B.C.S.
_bBC
_cINEGI
_d33724000719332
_eINEGI
_fv.1
_h94925
_i88289
_sb
999 _c77409
_d77409